000 00599nam a22001697a 4500
999 _c20105
_d20105
005 20180312112053.0
008 180312b ck ||||| |||| 00| 0 spa d
040 _aCO-BoIAVH
_cCO-BoIAVH
041 _aspa
044 _ack
090 _aFG-
_b0223
110 2 _aColombia.
_bParques Nacionales Naturales de Colombia
245 1 0 _aAvifauna Parque Nacional Natural Tayrona Colombia:
_bAves, 32 especies para admirar en su hábitat natural
260 _aSanta Marta:
_bParques Nacionales Naturales de Colombia,
_c.
300 _afolleto plegable;
_bfotografĂ­as a color
942 _2z
_cFolleto